20 Countries on an Empty Map #3 - Statistics

General Stats
  • This quiz has been taken 14,814 times
  • The average score is 17 of 20
Answers on the Map
Answers color-coded by a green-red scale on the quiz's map according to % correct below.
 
Answer Stats
Country % Correct
Russia
97%
Brazil
95%
Mexico
95%
Norway
95%
United Kingdom
94%
Poland
92%
Morocco
91%
South Korea
90%
Egypt
89%
Turkey
89%
Indonesia
87%
Chad
86%
Iraq
86%
Italy
86%
Taiwan
84%
Mali
82%
Uzbekistan
81%
Angola
79%
Tanzania
77%
Nepal
75%
No matching quizzes found
Score Distribution
Percent of People with Each Score
Percentile by Number Answered
Your Score History
You have not taken this quiz